[Event "Druzynowe Mistrzostwa Polski Juniorow - I liga"]
[Site "Suchedniow"]
[Date "1899-12-30"]
[Round "1.1"]
[White "Kindler, Przemyslaw"]
[Black "Pilzak, Marcin"]
[Result "1-0"]
[WhiteTitle "k"]
[BlackTitle "k"]
[WhiteElo "2099"]
[BlackElo "2010"]

1. g3 e5 2. Bg2 Nf6 3. d3 d5 4. Nf3 Nc6 5. O-O Be7 6. c4 O-O 7. cxd5 Nxd5 8. Nc3
Nb6 9. a3 Be6 10. b4 f6 11. Be3 Qd7 12. Re1 Nd5 13. Nxd5 Bxd5 14. Qc2 a6 15. Rec1
Rfc8 16. Rab1 Kh8 17. h4 Qe6 18. Kh2 Qd7 19. Qc3 h5 20. a4 Bd6 21. Bc5 b6 22.
e4 Be6 23. Be3 Nd8 24. d4 exd4 25. Nxd4 Qxa4 26. e5 Bxe5 27. Bxa8 Rxa8 28. f4
Bd6 29. Nxe6 Qa2+ 30. Rb2 Qxe6 31. Re1 Qf5 32. Rbe2 Nf7 33. Qc6 Rg8 34. Bd2 g5
35. fxg5 Qg4 36. Qc3 Be5 37. Qb3 Qxh4+ 38. Kg2 Qg4 39. Qxf7 Qxg3+ 40. Kf1 Qf3+
41. Rf2 Qd3+ 42. Ree2 Qh3+ 43. Rg2 Qh1+ 44. Kf2 Qh4+ 45. Kg1 Bd4+ 46. Be3 Rxg5
47. Qe8+ Kh7 48. Qd7+ Kh8 49. Qxd4 Rxg2+ 50. Kxg2 1-0

[Event "Druzynowe Mistrzostwa Polski Juniorow - I liga"]
[Site "Suchedniow"]
[Date "1899-12-30"]
[Round "1.2"]
[White "Dembinski, Bartosz"]
[Black "Putlak, Wojciech"]
[Result "0-1"]
[WhiteTitle "II"]
[BlackTitle "I"]
[WhiteElo "1456"]
[BlackElo "1938"]

1. e4 c5 2. Nf3 d6 3. d3 Nc6 4. g3 Nf6 5. Bg2 g6 6. O-O Bg7 7. Nbd2 O-O 8. Re1
Nd7 9. c3 Nde5 10. Nxe5 Nxe5 11. Nf3 Bg4 12. h3 Nxf3+ 13. Bxf3 Bxf3 14. Qxf3 Qd7
15. Kg2 b5 16. Rb1 a5 17. Bd2 b4 18. Qd1 Rfb8 19. a3 bxa3 20. bxa3 Rb7 21. c4
a4 22. Qc2 Rab8 23. Rxb7 Rxb7 24. Rb1 Rxb1 25. Qxb1 Kf8 26. Bc1 f5 27. f3 Bd4
28. Qb8+ Kf7 29. Bb2 fxe4 30. fxe4 Bxb2 31. Qxb2 Qd8 32. Qb5 Qa8 33. Kf3 h5 34.
Qd7 Qa5 35. Ke2 Qa8 36. h4 Qa5 37. Qb5 Qxb5 38. cxb5 Ke8 39. Kf3 e6 40. Kf4 Kd7
41. Kg5 d5 42. Kf4 Kd6 43. b6 e5+ 44. Kg5 dxe4 45. dxe4 c4 46. b7 Kc7 47. Kf6
c3 48. Kxe5 c2 0-1

[Event "Druzynowe Mistrzostwa Polski Juniorow - I liga"]
[Site "Suchedniow"]
[Date "1899-12-30"]
[Round "1.3"]
[White "Godzwon, Iwo"]
[Black "Chrost, Hugo"]
[Result "1/2-1/2"]
[WhiteTitle "I+"]
[BlackTitle "II"]
[WhiteElo "2059"]
[BlackElo "1395"]

1. e4 e6 2. d4 d5 3. Nd2 Nf6 4. e5 Nfd7 5. Bd3 c5 6. c3 Nc6 7. Ne2 cxd4 8. cxd4
f6 9. exf6 Nxf6 10. Nf3 Bd6 11. O-O O-O 12. Bf4 Bxf4 13. Nxf4 Ne4 14. Qc1 Ng5
15. Nxg5 Qxg5 16. Bxh7+ Kxh7 17. Nxe6 Qxc1 18. Nxf8+ Kg8 19. Raxc1 Kxf8 20. Rfd1
Bf5 21. Rc5 Rd8 22. a3 Ke7 23. b4 Kd6 24. Rc3 Re8 25. Kf1 Re4 26. f3 Rh4 27. g4
Bd7 28. Kg2 g5 29. Re3 a6 30. Kg3 Rh8 31. h3 Nd8 32. f4 gxf4+ 33. Kxf4 Ne6+ 34.
Kg3 Ng5 35. Kg2 Ne4 36. Rde1 Rf8 37. Rf3 Rc8 38. Rd3 Rc2+ 39. Kg1 Bb5 40. Rf3
Rd2 41. h4 Rxd4 42. g5 Nd2 43. Rf6+ Kd7 44. g6 Rg4+ 45. Kh2 Rxg6 46. Rxg6 Nf3+
47. Kg3 Nxe1 48. h5 Bd3 49. Rg7+ Kc6 50. h6 Nc2 51. Kf4 d4 52. Ke5 b6 53. a4 a5
54. bxa5 bxa5 55. Rg4 Bh7 56. Rxd4 Nxd4 57. Kxd4 Bg8 58. Kc3 Kc5 59. Kb2 Kb4 60.
Ka1 1/2-1/2

[Event "Druzynowe Mistrzostwa Polski Juniorow - I liga"]
[Site "Suchedniow"]
[Date "1899-12-30"]
[Round "1.5"]
[White "Kindler, Karolina"]
[Black "Kostecka, Marika"]
[Result "1/2-1/2"]
[WhiteTitle "I+"]
[BlackTitle "I++"]
[WhiteElo "1714"]
[BlackElo "1693"]

1. Nf3 c5 2. e3 Nc6 3. c4 Nf6 4. Nc3 d6 5. d4 cxd4 6. exd4 Bg4 7. Be2 g6 8. O-O
Bg7 9. d5 Bxf3 10. Bxf3 Ne5 11. Be2 O-O 12. Be3 Qc8 13. b3 b6 14. h3 Qb7 15. Rc1
Rac8 16. Qd2 Rfd8 17. f4 Ned7 18. f5 Ne5 19. Bd4 Nfd7 20. fxg6 hxg6 21. Ne4 Nc5
22. Nxc5 bxc5 23. Bc3 Rf8 24. Rf2 Rb8 25. Qg5 Qd7 26. h4 Qd8 27. h5 e6 28. Qxd8
Rfxd8 29. Rcf1 Rb7 30. hxg6 Nxg6 31. Bxg7 Kxg7 32. dxe6 fxe6 33. Rf6 Re7 34. Bg4
Nf8 35. Bh5 a5 36. g4 Nd7 37. Rg6+ Kh7 38. g5 Ne5 39. Rh6+ Kg7 40. Rhf6 Rh8 41.
Bd1 Rh3 42. Kg2 Rh8 43. R1f2 Nf7 44. Bc2 1/2-1/2

[Event "Druzynowe Mistrzostwa Polski Juniorow - I liga"]
[Site "Suchedniow"]
[Date "1899-12-30"]
[Round "1.7"]
[White "Krzeminski, Sebastian"]
[Black "Szpar, Milosz"]
[Result "0-1"]
[WhiteTitle "I"]
[BlackTitle "I++"]
[WhiteElo "1818"]
[BlackElo "2101"]

1. d4 Nf6 2. c4 g6 3. Nc3 Bg7 4. e4 d6 5. f4 O-O 6. Nf3 c5 7. dxc5 Qa5 8. Bd3 Qxc5
9. Qe2 Nc6 10. Be3 Qa5 11. Rc1 Re8 12. h3 Nd7 13. O-O Nc5 14. Bb1 Bd7 15. Rfd1
Rad8 16. Nd5 Rc8 17. Bd2 Qd8 18. b4 Na4 19. b5 Na5 20. Rc2 b6 21. Bxa5 bxa5 22.
Kh1 e6 23. Ne3 Nc3 24. Rxc3 Bxc3 25. Rxd6 Bb4 26. Rd3 Rc7 27. Qd1 Qe7 28. Ne5
Bc8 29. Nc6 Qh4 30. Ng4 h5 31. Nge5 Qe1+ 32. Qxe1 Bxe1 33. g4 hxg4 34. Nxg4 Kg7
35. Kg2 Bb7 36. Nge5 f6 37. Nf3 Bxc6 38. bxc6 Bb4 39. e5 Rxc6 40. exf6+ Kxf6 41.
Ne5 Rd6 42. Rg3 Rg8 43. Ng4+ Ke7 44. Ne5 Rd2+ 45. Kf3 Rb2 46. Rg1 Bc3 47. Nc6+
Kf6 48. h4 Rg7 49. Rc1 Rh7 50. Be4 Bb4 51. Rg1 Rg7 52. Ne5 Rxa2 53. Bxg6 Bd6 54.
h5 Bxe5 55. fxe5+ Kxe5 56. h6 Rg8 57. h7 Rh8 58. Bb1 Rb2 59. Bg6 Rb7 60. Rg5+
Kf6 61. Kf4 Rg7 62. Ke5+ Kxe5 0-1

[Event "Druzynowe Mistrzostwa Polski Juniorow - I liga"]
[Site "Suchedniow"]
[Date "1899-12-30"]
[Round "1.8"]
[White "Kozak, Antoni"]
[Black "Urbanski, Wojciech"]
[Result "1-0"]
[WhiteTitle "I+"]
[BlackTitle "II"]
[WhiteElo "2047"]
[BlackElo "1723"]

1. e4 c5 2. Nf3 d6 3. Bb5+ Bd7 4. Bxd7+ Nxd7 5. O-O Ngf6 6. Qe2 e6 7. c3 Be7 8.
d4 cxd4 9. cxd4 d5 10. e5 Ne4 11. Ne1 Qb6 12. Be3 f6 13. f3 Ng5 14. Qd2 Nf7 15.
f4 O-O 16. Nd3 f5 17. Nc3 Rac8 18. Rac1 Qa6 19. Rc2 Rc6 20. h3 Rfc8 21. g4 Nh6
22. g5 Nf7 23. b4 Qa3 24. Nb1 Rxc2 25. Nxa3 Rxd2 26. Bxd2 b6 27. Rc1 Rxc1+ 28.
Nxc1 a6 29. Nc2 Kf8 30. a4 Ke8 31. Nd3 Nd8 32. b5 a5 33. Kf1 Nb7 34. Ke2 Kf7 35.
Nf2 g6 36. Ne3 Bf8 37. Kd3 Be7 38. Kc2 Ke8 39. Nh1 Kf7 40. Ng3 Nd8 41. h4 Nb7
42. h5 Nd8 43. h6 Nb7 44. Ne2 Nd8 45. Kd3 Nb7 46. Bc1 Bb4 47. Nc2 Be7 48. Nc3
Nd8 49. Ne3 Ke8 50. Ncxd5 exd5 51. Nxd5 Ne6 52. Kc4 Kf7 53. Be3 Bd8 54. Nf6 Bxf6
55. gxf6 Nc7 56. d5 g5 57. e6+ Nxe6 58. dxe6+ Kxe6 59. fxg5 Ne5+ 60. Kb3 Kd5 61.
Bxb6 f4 62. Bxa5 f3 63. Be1 Nd3 64. f7 1-0

[Event "Druzynowe Mistrzostwa Polski Juniorow - I liga"]
[Site "Suchedniow"]
[Date "1899-12-30"]
[Round "1.9"]
[White "Warchol, Bartosz"]
[Black "Mis, Mieszko"]
[Result "0-1"]
[WhiteTitle "I"]
[BlackTitle "I++"]
[WhiteElo "1702"]
[BlackElo "2041"]

1. d4 d6 2. Nf3 Nf6 3. c4 g6 4. Nc3 Bg7 5. Bf4 O-O 6. h3 Na6 7. e3 c5 8. d5 Nc7
9. Be2 a6 10. a4 Rb8 11. O-O b5 12. cxb5 axb5 13. axb5 Bd7 14. Ra7 Nxb5 15. Nxb5
Bxb5 16. Bxb5 Rxb5 17. Qd3 Rxb2 18. Rfa1 Re8 19. R1a6 Qb8 20. Nd2 Nh5 21. Bg5
Rb7 22. Qa3 Rxa7 23. Rxa7 f6 24. Bh4 g5 25. Bg3 Nxg3 26. fxg3 f5 27. Qa4 Be5 28.
Nf1 c4 29. Ra6 c3 30. Rc6 Rc8 31. Qc4 Rf8 32. Rc7 Bf6 33. Rc6 Kg7 34. e4 Qa7+
35. Kh2 fxe4 36. Qxe4 Qf2 37. Qf3 Bd4 38. Qxf2 Rxf2 39. Rc4 Rxf1 40. Rxd4 c2 41.
Rc4 c1=Q 0-1

[Event "Druzynowe Mistrzostwa Polski Juniorow - I liga"]
[Site "Suchedniow"]
[Date "1899-12-30"]
[Round "1.10"]
[White "Kucharski, Bartlomiej"]
[Black "Kulesza, Andrzej"]
[Result "1-0"]
[WhiteTitle "II+"]
[BlackTitle "I"]
[WhiteElo "1742"]
[BlackElo "1675"]

1. d4 Nf6 2. g3 g6 3. Bg2 Bg7 4. Nf3 O-O 5. O-O d6 6. c4 Nbd7 7. Nc3 c5 8. e3 a6
9. Bd2 Qc7 10. Qe2 Rb8 11. a4 b6 12. Rab1 Bb7 13. Rfc1 Ne4 14. d5 Nxd2 15. Nxd2
a5 16. Re1 Rbd8 17. Rbd1 Nb8 18. f4 f6 19. e4 Bc8 20. h3 e5 21. dxe6 Bxe6 22.
Nf3 Nc6 23. b3 Rfe8 24. Rd2 Bf7 25. Qd1 Bf8 26. Nd5 Bxd5 27. Rxd5 Nb4 28. Rd2
Nc6 29. Rd5 Nb4 30. Rd2 Bg7 31. f5 Bh6 32. Rde2 Bg7 33. Rd2 Kf7 34. Nh2 Nc6 35.
Nf3 Bh6 36. Rde2 Ne5 37. Qd5+ Kf8 38. fxg6 hxg6 39. Rf1 Qf7 40. Qxf7+ Kxf7 41.
Rd1 Nc6 42. Kf2 Ne5 43. Rd5 Nc6 44. h4 Ne5 45. Bh3 Ke7 46. Nh2 Rg8 47. Ng4 Bc1
48. Rc2 Ba3 49. Nxe5 fxe5 50. Rdd2 Bb4 51. Re2 Rgf8+ 52. Kg2 g5 53. h5 Rh8 54.
Bg4 Rdf8 55. Rf2 Be1 56. Rxf8 Rxf8 57. Re2 Bc3 58. Bf5 Rh8 59. Bg6 Bd4 60. Kh3
Rf8 61. Bf5 Kf6 62. Kg4 Rh8 63. Rh2 Kg7 64. Kxg5 Be3+ 65. Kh4 Kh6 66. Rh1 Bg5+
67. Kh3 Be3 68. Re1 Bd4 69. Kh4 Rg8 70. Rf1 Rf8 71. Rf3 Bb2 72. Rf1 Bd4 73. Rd1
Rg8 74. Rd2 Rd8 75. Rd3 Bb2 76. Rf3 Bc1 77. Bg6 Bg5+ 78. Kg4 Rd7 79. Rf5 Bd8 80.
Rf8 Kg7 81. Rf1 Re7 82. Kf5 Bc7 83. g4 Kg8 84. g5 Rd7 85. Ke6 Rg7 86. Rf7 Bd8
87. Rxg7+ Kxg7 88. Kf5 Be7 89. h6+ Kg8 90. Kg4 Kh8 91. Kh5 Kg8 92. Bf5 Kh8 93.
g6 Bf6 94. g7+ Bxg7 95. hxg7+ Kxg7 96. Kg5 Kf7 97. Bg6+ Ke6 98. Bh5 d5 99. exd5+
Kd6 100. Kf5 b5 101. axb5 Kc7 102. Kxe5 a4 103. bxa4 Kb6 104. Kd6 Ka5 105. Kxc5
Kxa4 106. b6 Kb3 107. b7 Kc3 108. b8=Q Kd3 109. Qb3+ Ke4 110. Qf3+ Ke5 111. Qe3+
Kf5 112. Kd6 Kf6 113. Qe5# 1-0

[Event "Druzynowe Mistrzostwa Polski Juniorow - I liga"]
[Site "Suchedniow"]
[Date "1899-12-30"]
[Round "1.11"]
[White "Waszczuk, Patrycja"]
[Black "Swiech, Joanna"]
[Result "0-1"]
[WhiteTitle "k"]
[BlackTitle "k"]
[WhiteElo "1867"]
[BlackElo "1888"]

1. e4 d5 2. exd5 Qxd5 3. Nc3 Qa5 4. d4 Nf6 5. Nf3 c6 6. Bc4 Bf5 7. Ne5 e6 8. O-O
Bd6 9. f4 O-O 10. Be3 Nbd7 11. Kh1 Nb6 12. Be2 Nbd5 13. Nxd5 cxd5 14. c4 Rac8
15. c5 Bxe5 16. fxe5 Ne4 17. Bd3 b6 18. cxb6 Qxb6 19. Qe2 Rb8 20. Rab1 Rb7 21.
Rfc1 h6 22. g3 Rfb8 23. Kg2 Qa5 24. a3 Rb3 25. Bc2 Rxb2 26. Rxb2 Rxb2 27. Kg1
Qxa3 28. Bf4 Nc3 29. Qd2 Na2 0-1

[Event "Druzynowe Mistrzostwa Polski Juniorow - I liga"]
[Site "Suchedniow"]
[Date "1899-12-30"]
[Round "1.12"]
[White "Gaj, Magdalena"]
[Black "Mysliwiec, Natalia"]
[Result "0-1"]
[WhiteTitle "I"]
[BlackTitle "I"]
[WhiteElo "1272"]
[BlackElo "1311"]

1. d4 d5 2. g3 g6 3. Bg2 Bg7 4. Nf3 Nc6 5. O-O Nf6 6. c4 dxc4 7. Na3 O-O 8. Nxc4
Re8 9. Bf4 Nh5 10. Be3 Be6 11. Rc1 Bd5 12. Qd3 f5 13. a3 Be4 14. Qb3 Bd5 15. Qc3
Rc8 16. b4 a6 17. a4 Nb8 18. Nfe5 Bxg2 19. Kxg2 Nd7 20. Qb3 Kf8 21. Nd6 Nxe5 22.
Nxe8 Qxe8 23. dxe5 Bxe5 24. Qe6 Bg7 25. Rfd1 Rd8 26. Rxd8 Qxd8 27. Bc5 b6 28.
Rd1 Qa8+ 29. Kg1 bxc5 30. bxc5 Nf6 31. Rb1 Bh6 32. Rb4 Bg5 33. f4 Bh6 34. Rd4
Bg7 35. Rb4 Bh6 36. c6 Qd8 37. Kf2 Ng4+ 38. Ke1 Bg7 39. Qc4 Ne3 40. Qc5 Qd1+ 41.
Kf2 Qf1+ 42. Kxe3 Qg1+ 0-1

[Event "Druzynowe Mistrzostwa Polski Juniorow - I liga"]
[Site "Suchedniow"]
[Date "1899-12-30"]
[Round "1.13"]
[White "Winiarski, Mikolaj"]
[Black "Januszkiewicz, Wojciech"]
[Result "1/2-1/2"]
[WhiteTitle "k"]
[BlackTitle "I++"]
[WhiteElo "2209"]
[BlackElo "1965"]

1. d4 Nf6 2. c4 g6 3. Nc3 Bg7 4. e4 d6 5. g3 O-O 6. Bg2 e5 7. Nge2 Nbd7 8. O-O
exd4 9. Nxd4 c6 10. h3 Qb6 11. Na4 Qa5 12. b3 Re8 13. Re1 Nxe4 14. b4 Qxb4 15.
Rxe4 Rxe4 16. Bxe4 c5 17. Bd3 Bxd4 18. Bd2 Qa3 19. Bc1 Qb4 20. Bd2 Qa3 21. Bc1
Qb4 1/2-1/2

[Event "Druzynowe Mistrzostwa Polski Juniorow - I liga"]
[Site "Suchedniow"]
[Date "1899-12-30"]
[Round "1.14"]
[White "Grzesik, Gracjan"]
[Black "Chylewski, Patryk"]
[Result "0-1"]
[WhiteTitle "I"]
[BlackTitle "k"]
[WhiteElo "1840"]
[BlackElo "2162"]

1. e4 c5 2. Nf3 d6 3. d4 cxd4 4. Nxd4 Nf6 5. Nc3 a6 6. Be2 e5 7. Nb3 Be7 8. Be3
Be6 9. f3 h5 10. Qd2 Nbd7 11. O-O-O Rc8 12. Kb1 b5 13. Nd5 Bxd5 14. exd5 Nb6 15.
Bxb6 Qxb6 16. c3 O-O 17. h4 g6 18. g3 Rfe8 19. Bf1 Bf8 20. Bg2 Bg7 21. Rhe1 a5
22. Qe3 Qc7 23. Qd3 b4 24. Bh3 Rb8 25. c4 a4 26. Nd2 Nd7 27. Ne4 f5 28. Ng5 Nc5
29. Qe2 a3 30. b3 Qe7 31. Qc2 Qf6 32. Kc1 e4 33. fxe4 Nxe4 34. Nxe4 Rxe4 35. Rxe4
fxe4 36. Rf1 Qd4 37. Be6+ Kh7 38. Rf7 e3 39. Rf1 Qa1+ 40. Qb1 Qc3+ 41. Qc2 e2
42. Rh1 e1=Q+ 43. Rxe1 Qxe1+ 44. Qd1 Bh6+ 45. Kc2 Qc3+ 0-1

[Event "Druzynowe Mistrzostwa Polski Juniorow - I liga"]
[Site "Suchedniow"]
[Date "1899-12-30"]
[Round "1.15"]
[White "Sanz, Wawer Daniel"]
[Black "Luczak, Filip"]
[Result "1/2-1/2"]
[WhiteTitle "k"]
[BlackTitle "I"]
[WhiteElo "1964"]
[BlackElo "1730"]

1. e4 c5 2. Nf3 d6 3. d4 Nf6 4. Nc3 cxd4 5. Nxd4 a6 6. g3 e5 7. Nb3 Be6 8. Bg2
Be7 9. O-O O-O 10. Re1 Nbd7 11. Nd5 Nxd5 12. exd5 Bf5 13. Qe2 Rc8 14. c3 Bg5 15.
h4 Bxc1 16. Raxc1 h6 17. c4 Qb6 18. Qe3 Qxe3 19. Rxe3 b6 20. Bf1 a5 21. Nd2 Nc5
22. a3 a4 23. Be2 Bg6 24. b4 axb3 25. Nxb3 Ra8 26. Nxc5 bxc5 27. Rb3 Rfb8 28.
Rcc3 Bf5 29. Bd1 Bd7 30. Rxb8+ Rxb8 31. Rb3 Rxb3 1/2-1/2

[Event "Druzynowe Mistrzostwa Polski Juniorow - I liga"]
[Site "Suchedniow"]
[Date "1899-12-30"]
[Round "1.16"]
[White "Wolaniecki, Patryk"]
[Black "Kokoszczynski, Jan"]
[Result "0-1"]
[WhiteTitle "I"]
[BlackTitle "k"]
[WhiteElo "1659"]
[BlackElo "1927"]

1. e4 c5 2. Nf3 d6 3. c3 Nf6 4. Be2 Bg4 5. O-O Nc6 6. d4 e6 7. Bg5 cxd4 8. cxd4
Be7 9. d5 exd5 10. exd5 Bxf3 11. Bxf3 Ne5 12. Nc3 O-O 13. Re1 Rc8 14. Ne4 Nxe4
15. Bxe7 Qxe7 16. Bxe4 f5 17. Bc2 Qg5 18. Bb3 Rfe8 19. Rf1 Ng6 20. Qf3 Re4 21.
h3 Re7 22. Rae1 Rce8 23. Rxe7 Rxe7 24. Qg3 Qf6 25. Qc3 Qxc3 26. bxc3 Nf4 27. c4
b6 28. Kh2 Kf7 29. g3 Ng6 30. f4 Re2+ 31. Kg1 Kf6 32. Rf2 Re3 33. Kg2 Nf8 34.
Ba4 h6 35. h4 Ra3 36. Bc6 Rc3 37. Bb5 Re3 38. a4 Ke7 39. Ra2 a5 40. Kf2 Re4 41.
Kf3 Re1 42. Rb2 Kd8 43. Kf2 Re7 44. Rb1 Nh7 45. Bc6 Kc7 46. Rc1 Nf6 47. Rc2 Ng4+
48. Kf3 Re3+ 49. Kg2 Re4 50. Kf3 Ne3 51. Re2 Nxc4 52. Rxe4 Nd2+ 53. Ke3 Nxe4 54.
g4 Nc3 55. gxf5 b5 56. axb5 Kb6 57. Kd3 Nxb5 58. Kc4 a4 59. Kb4 a3 60. Kb3 Nd4+
61. Kxa3 Nxc6 62. dxc6 Kxc6 63. Kb4 Kd5 64. Kc3 Ke4 65. f6 gxf6 66. Kd2 Kxf4 67.
Kd3 Ke5 68. Kd4+ 0-1

[Event "Druzynowe Mistrzostwa Polski Juniorow - I liga"]
[Site "Suchedniow"]
[Date "1899-12-30"]
[Round "1.17"]
[White "Olechnicka, Karolina"]
[Black "Trembowiecka-wysota, Aleksandra"]
[Result "1-0"]
[WhiteTitle "k++"]
[BlackTitle "I"]
[WhiteElo "1883"]
[BlackElo "1493"]

1. e4 d6 2. d4 g6 3. Nc3 Bg7 4. Be3 Nf6 5. f3 Nc6 6. Qd2 O-O 7. O-O-O e5 8. d5
Ne7 9. g4 h5 10. h3 a6 11. Nge2 b5 12. Bg5 b4 13. Nb1 Nh7 14. Bh4 Qd7 15. Ng3
f6 16. Ne2 g5 17. Bf2 h4 18. Qxb4 a5 19. Qa3 Ba6 20. Nec3 Rfb8 21. Qa4 Qc8 22.
Bxa6 Rxa6 23. Rd3 Rb4 24. Qa3 Ng6 25. Ne2 Qe8 26. c3 Ra4 27. Qb3 Ra8 28. a3 Rb8
29. Qc2 Qb5 30. Nd2 c5 31. c4 Qd7 32. Nc3 Nf4 33. Re3 Rab4 34. axb4 axb4 35. Nb5
Nf8 36. Nb3 Ra8 37. Kd2 N8g6 38. Ree1 Bf8 39. Ra1 Rxa1 40. Nxa1 Be7 41. Qa4 Bd8
42. Qa6 Be7 43. Nb3 Nf8 44. Na5 Bd8 45. Nc6 Bc7 46. Qb7 1-0

[Event "Druzynowe Mistrzostwa Polski Juniorow - I liga"]
[Site "Suchedniow"]
[Date "1899-12-30"]
[Round "1.18"]
[White "Bienko, Jagoda"]
[Black "Moscicka, Pola"]
[Result "0-1"]
[WhiteTitle "I"]
[BlackTitle "k"]
[WhiteElo "1384"]
[BlackElo "1769"]

1. d4 Nf6 2. c4 e6 3. Nc3 Bb4 4. Qc2 O-O 5. a3 Bxc3+ 6. Qxc3 d6 7. Nf3 Nbd7 8.
Bg5 b6 9. e3 Bb7 10. Be2 Rc8 11. O-O c5 12. dxc5 bxc5 13. Rfd1 Qb6 14. Bxf6 Nxf6
15. Rac1 d5 16. b3 Rfd8 17. h3 a5 18. Rb1 Ba6 19. a4 Ne4 20. Qc2 Qb4 21. Rb2 Nc3
22. Rd3 Nxe2+ 23. Qxe2 dxc4 24. Rxd8+ Rxd8 25. bxc4 Qxa4 26. Ra2 Qb4 27. Rb2 Bxc4
28. Qc2 Bd3 29. Rxb4 Bxc2 30. Rc4 Bd1 31. Rxc5 Bxf3 32. gxf3 Ra8 33. Rc3 g6 34.
Kg2 Kg7 35. f4 a4 36. Ra3 f5 37. h4 Kf6 38. Kf3 Ke7 39. Ke2 Kd6 40. Kd2 Kc5 41.
Kc3 Kb5 42. Kb2 Rd8 43. Kc2 Kb4 44. Ra1 Rc8+ 45. Kb2 Rc4 46. Rb1 a3+ 47. Ka2+
Ka4 48. Rb6 Rc2+ 49. Kb1 Rxf2 50. Rxe6 Rh2 51. e4 Rxh4 52. exf5 gxf5 53. Ra6+
Kb3 54. Ra7 Rh1# 0-1

[Event "Druzynowe Mistrzostwa Polski Juniorow - I liga"]
[Site "Suchedniow"]
[Date "1899-12-30"]
[Round "1.19"]
[White "Piotrowski, Przemyslaw"]
[Black "Niekras, Dawid"]
[Result "1-0"]
[WhiteTitle "k"]
[BlackTitle "k"]
[WhiteElo "2201"]
[BlackElo "2255"]

1. Nf3 Nf6 2. b3 g6 3. Bb2 Bg7 4. g3 O-O 5. Bg2 c5 6. c4 d6 7. d4 Nc6 8. O-O cxd4
9. Nxd4 Bd7 10. Nc3 Qa5 11. Nd5 Nxd5 12. Nxc6 bxc6 13. Bxg7 Kxg7 14. cxd5 c5 15.
Re1 Qb6 16. e4 a5 17. e5 a4 18. Rb1 Bf5 19. Be4 Bxe4 20. Rxe4 axb3 21. Rxb3 Qc7
22. exd6 Qxd6 23. a4 Rfd8 24. Rd3 e6 25. Qa1+ Kg8 26. Qf6 Qc7 27. Ree3 c4 28.
Rd4 c3 29. dxe6 Rxd4 30. exf7+ Qxf7 31. Qxd4 c2 32. Rc3 Qe8 33. Rc7 c1=R+ 34.
Rxc1 Rxa4 35. Qd5+ Kh8 36. Qb7 Ra8 37. Rc7 Kg8 38. Rg7+ Kf8 39. Rxh7 1-0

[Event "Druzynowe Mistrzostwa Polski Juniorow - I liga"]
[Site "Suchedniow"]
[Date "1899-12-30"]
[Round "1.20"]
[White "Planeta, Wojciech"]
[Black "Kanicki, Krzysztof"]
[Result "0-1"]
[WhiteTitle "I+"]
[BlackTitle "k"]
[WhiteElo "1726"]
[BlackElo "2147"]

1. e4 c5 2. Nf3 Nc6 3. d4 cxd4 4. Nxd4 Nf6 5. Nc3 d6 6. Bc4 Qb6 7. Nb3 e6 8. Bf4
Ne5 9. Be2 a6 10. O-O Be7 11. a4 O-O 12. a5 Qc7 13. Be3 Nc4 14. Bxc4 Qxc4 15.
Qd4 Qxd4 16. Bxd4 e5 17. Be3 Be6 18. Rfd1 Rac8 19. f3 Rfd8 20. Bb6 Rd7 21. Rd2
d5 22. exd5 Nxd5 23. Nxd5 Rxd5 24. Rxd5 Bxd5 25. Rd1 Be6 26. Rd2 Kf8 27. Kf1 Bc4+
28. Ke1 Bxb3 29. cxb3 Bb4 30. Ke2 Bxd2 31. Kxd2 Ke7 32. Be3 Ke6 33. Kd3 Kd5 34.
Bd2 f5 35. Bc3 Rc6 36. Ke3 b6 37. b4 b5 38. Kd2 Rg6 39. g3 Rh6 40. h4 Rg6 41.
f4 e4 42. h5 Rxg3 43. Ke2 Rxc3 0-1

[Event "Druzynowe Mistrzostwa Polski Juniorow - I liga"]
[Site "Suchedniow"]
[Date "1899-12-30"]
[Round "1.21"]
[White "Baran, Mateusz"]
[Black "Zabrzanska, Weronika"]
[Result "0-1"]
[WhiteTitle "II"]
[BlackTitle "I"]
[WhiteElo "1411"]
[BlackElo "1479"]

1. e4 e5 2. d4 exd4 3. Qxd4 Nc6 4. Qe3 d6 5. Nc3 Nf6 6. Bd2 Be6 7. O-O-O Qe7 8.
Bb5 Bd7 9. f4 a6 10. Bd3 O-O-O 11. a3 g6 12. Nf3 Bg7 13. Qe2 Nb8 14. e5 dxe5 15.
fxe5 Ng4 16. Nd5 Qc5 17. Be4 Nc6 18. h3 Ngxe5 19. Be3 Qf8 20. Bf4 Bh6 21. Kb1
Bxf4 22. Nxf4 f5 23. Nxe5 fxe4 24. Nxc6 Bxc6 25. Ne6 Rxd1+ 26. Rxd1 Qe7 27. Nd4
Bd7 28. Qe3 Re8 29. Ne2 Bc6 30. Qa7 b6 31. Qxa6+ Bb7 32. Qc4 e3 33. Rf1 Qd6 34.
Nc3 Kb8 35. Rd1 Qc6 36. Qf7 Bc8 37. Qf4 e2 38. Re1 Qxg2 39. Qc4 Qf2 40. Rxe2 Qf1+
41. Ka2 Be6 42. Nd5 Rc8 43. b3 Bxd5 44. Qd3 Bf3 45. Re3 Qxd3 46. Rxd3 Be4 47.
Rd7 h5 48. Kb2 Bf5 49. Rg7 Re8 50. a4 Re2 51. Rg8+ Kb7 52. h4 Rxc2+ 53. Ka3 Rh2
54. Rh8 Rxh4 55. Rg8 Rf4 56. Rg7 h4 57. Rg8 h3 58. Rh8 g5 59. Rh5 Rh4 60. Rxg5
h2 0-1

[Event "Druzynowe Mistrzostwa Polski Juniorow - I liga"]
[Site "Suchedniow"]
[Date "1899-12-30"]
[Round "1.22"]
[White "Wikar, Martyna"]
[Black "Madajczak, Piotr"]
[Result "1-0"]
[WhiteTitle "I++"]
[BlackTitle "II+"]
[WhiteElo "1759"]
[BlackElo "1479"]

1. e4 c5 2. Nf3 Nc6 3. d4 cxd4 4. Nxd4 Nf6 5. Nc3 e5 6. Ndb5 d6 7. Bg5 a6 8. Na3
b5 9. Nd5 Be7 10. Bxf6 Bxf6 11. c3 O-O 12. Nc2 Bg5 13. Be2 Be6 14. O-O Ne7 15.
Ncb4 Bxd5 16. Nxd5 Nxd5 17. Qxd5 Qb6 18. Rad1 Rad8 19. Qb3 Rb8 20. Rd5 Rfe8 21.
Rfd1 Re6 22. R1d3 Rf6 23. Rf3 Rxf3 24. Bxf3 g6 25. g3 Kg7 26. Kg2 f5 27. exf5
gxf5 28. c4 f4 29. c5 dxc5 30. Rd7+ Kh8 31. Be4 f3+ 32. Qxf3 Qf6 33. Rxh7+ Kg8
34. Qh5 Rd8 35. h4 Be3 36. fxe3 Rd2+ 37. Kh3 Qf1+ 38. Kg4 Qe2+ 39. Bf3 Qc4+ 40.
Kg5 Kf8 41. Rh8+ Ke7 42. Qe8+ Kd6 43. Qd8+ Ke6 44. Re8+ Kd5 1-0

[Event "Druzynowe Mistrzostwa Polski Juniorow - I liga"]
[Site "Suchedniow"]
[Date "1899-12-30"]
[Round "1.23"]
[White "Kalinowska, Karolina"]
[Black "Leczek, Weronika"]
[Result "1/2-1/2"]
[WhiteTitle "I"]
[BlackTitle "I++"]
[WhiteElo "1544"]
[BlackElo "1668"]

1. e4 c5 2. Nf3 d6 3. d4 cxd4 4. Nxd4 Nf6 5. Nc3 Nc6 6. Bg5 e6 7. Qd2 Be7 8. O-O-O
O-O 9. f4 h6 10. Bh4 e5 11. Nf5 Bxf5 12. exf5 Qa5 13. g4 Nxg4 14. Rg1 h5 15. h3
Bxh4 16. hxg4 exf4 17. Qh2 Bf6 18. Qxh5 g6 19. fxg6 Qxh5 20. gxh5 Bd4 21. Rg2
Be3+ 22. Kb1 Ne5 23. g7 Rfe8 24. Nd5 Re6 25. Nc7 Rae8 26. Nxe8 Rxe8 27. Bb5 Re6
28. a3 a6 29. Bf1 f3 30. Rg3 Bf2 31. Rh3 Kxg7 32. h6+ Rxh6 33. Rxh6 Kxh6 34. Rxd6+
Kg5 35. Rd8 Be3 36. Rb8 b6 37. Bxa6 f2 38. c3 Nf3 39. Rb7 f5 40. b4 Nh2 41. Kc2
f4 42. Rh7 f1=Q 43. Bxf1 Nxf1 44. Kd3 Ng3 45. a4 Bg1 46. Rf7 Kg4 47. a5 bxa5 48.
bxa5 f3 49. a6 f2 50. a7 Nf5 51. Rxf5 Kxf5 52. Ke2 f1=Q+ 53. Kxf1 Bxa7 1/2-1/2

[Event "Druzynowe Mistrzostwa Polski Juniorow - I liga"]
[Site "Suchedniow"]
[Date "1899-12-30"]
[Round "1.24"]
[White "Slusarczyk, Milena"]
[Black "Pawicka, Magdalena"]
[Result "1/2-1/2"]
[WhiteTitle "I"]
[BlackTitle "I"]
[WhiteElo "1444"]
[BlackElo "1600"]

1. e4 c5 2. Nf3 e6 3. d4 cxd4 4. Nxd4 a6 5. Bd3 Bc5 6. Nb3 Ba7 7. Qe2 Nc6 8. Be3
b5 9. a4 bxa4 10. Rxa4 Bxe3 11. Qxe3 a5 12. O-O Nf6 13. N1d2 O-O 14. Nc4 d5 15.
exd5 exd5 16. Ne5 Bb7 17. Nxc6 Bxc6 18. Ra3 a4 19. Nd4 Qd7 20. Nxc6 Qxc6 21. Rfa1
Rab8 22. Qd4 Qb6 23. Qxb6 Rxb6 24. R1a2 Nd7 25. Rxa4 Nc5 26. Rd4 Nxd3 27. Rxd3
Rc6 28. c3 Rd6 29. Ra5 Rfd8 30. b4 Kf8 31. Kf1 Ke7 32. Ra7+ R6d7 33. Rxd7+ Rxd7
34. Rh3 h6 35. Ke2 Ra7 36. Rd3 Ke6 37. Re3+ Kd6 38. Kd3 Ra2 39. Rf3 Ke6 40. Re3+
Kd6 41. Re2 Ra1 42. c4 Rd1+ 43. Kc2 Rd4 44. cxd5 Rxb4 45. Rd2 Rb5 46. f4 Rxd5
47. Rxd5+ Kxd5 48. Kd3 f5 49. h3 g6 50. h4 h5 51. g3 Kc5 52. Kc3 Kd5 53. Kd3 Kc5
1/2-1/2